The Arab Revolt and the Imperialist Counterattack / (Record no. 16707)
[ view plain ]
| 000 -LEADER | |
|---|---|
| fixed length control field | 02255cam a22003618a 4500 |
| 001 - CONTROL NUMBER | |
| control field | 17086805 |
| 005 - DATE AND TIME OF LATEST TRANSACTION | |
| control field | 20111221093618.0 |
| 008 - FIXED-LENGTH DATA ELEMENTS--GENERAL INFORMATION | |
| fixed length control field | 111216s2012 gau 000 0 eng c |
| 020 ## - INTERNATIONAL STANDARD BOOK NUMBER | |
| International Standard Book Number | 0985271000 |
| 020 ## - INTERNATIONAL STANDARD BOOK NUMBER | |
| International Standard Book Number | 9780985271008 |
| 040 ## - CATALOGING SOURCE | |
| Original cataloging agency | IEN/DLC |
| Transcribing agency | IEN |
| 082 04 - DEWEY DECIMAL CLASSIFICATION NUMBER | |
| Classification number | 327.730174927 |
| Edition number | 23 |
| Item number | PET |
| 100 1# - MAIN ENTRY--PERSONAL NAME | |
| Personal name | Petras, James F., |
| Dates associated with a name | 1937- |
| 9 (RLIN) | 29806 |
| 245 14 - TITLE STATEMENT | |
| Title | The Arab Revolt and the Imperialist Counterattack / |
| Statement of responsibility, etc | by James Petras. |
| 250 ## - EDITION STATEMENT | |
| Edition statement | 2nd ed. |
| 260 ## - PUBLICATION, DISTRIBUTION, ETC. (IMPRINT) | |
| Place of publication, distribution, etc | Atlanta, GA : |
| Name of publisher, distributor, etc | Clarity Press, |
| Date of publication, distribution, etc | 2012. |
| 300 ## - PHYSICAL DESCRIPTION | |
| Extent | 130 p. ; |
| Dimensions | 24 cm. |
| 504 ## - BIBLIOGRAPHY, ETC. NOTE | |
| Bibliography, etc | Includes bibliographical references and index. |
| 505 0# - FORMATTED CONTENTS NOTE | |
| Formatted contents note | Washington faces the Arab revolts: sacrificing dictators to save the state -- Egypt's social movements, the CIA and Mossad -- Roots of the Arab revolts and premature celebrations -- The Euro-US war on Libya: official lies and misconceptions of critics -- Libya and Obama's defense of the "rebel uprising" -- Contextualizing the "Arab spring": networks of empire and realignments of world power -- NATO's war crimes in Libya: who grieves for the fallen heroes? -- The assassination of Osama bin Laden: its uses and abuses -- The assassination of Anwar al-Awlaki by fiat -- The Obama doctrine: making a virtue of necessity -- What future for the Washington-"Moderate Islamist" alliance? -- Appendix: indicators of social well being in pre-invasion Libya. |
| 651 #0 - SUBJECT ADDED ENTRY--GEOGRAPHIC NAME | |
| Geographic name | United States |
| General subdivision | Foreign relations |
| Geographic subdivision | Arab countries. |
| 9 (RLIN) | 29807 |
| 651 #0 - SUBJECT ADDED ENTRY--GEOGRAPHIC NAME | |
| Geographic name | Arab countries |
| General subdivision | Foreign relations |
| Geographic subdivision | United States. |
| 9 (RLIN) | 29808 |
| 651 #0 - SUBJECT ADDED ENTRY--GEOGRAPHIC NAME | |
| Geographic name | Arab countries |
| General subdivision | Politics and government |
| Chronological subdivision | 21st century. |
| 9 (RLIN) | 29809 |
| 651 #0 - SUBJECT ADDED ENTRY--GEOGRAPHIC NAME | |
| Geographic name | United States |
| General subdivision | Foreign relations |
| Geographic subdivision | Egypt. |
| 9 (RLIN) | 29810 |
| 651 #0 - SUBJECT ADDED ENTRY--GEOGRAPHIC NAME | |
| Geographic name | Egypt |
| General subdivision | Foreign relations |
| Geographic subdivision | United States. |
| 9 (RLIN) | 29811 |
| 651 #0 - SUBJECT ADDED ENTRY--GEOGRAPHIC NAME | |
| Geographic name | Egypt |
| General subdivision | Politics and government |
| Chronological subdivision | 21st century. |
| 9 (RLIN) | 29812 |
| 651 #0 - SUBJECT ADDED ENTRY--GEOGRAPHIC NAME | |
| Geographic name | United States |
| General subdivision | Foreign relations |
| Geographic subdivision | Libya. |
| 9 (RLIN) | 29813 |
| 651 #0 - SUBJECT ADDED ENTRY--GEOGRAPHIC NAME | |
| Geographic name | Libya |
| General subdivision | Foreign relations |
| Geographic subdivision | United States. |
| 9 (RLIN) | 29814 |
| 651 #0 - SUBJECT ADDED ENTRY--GEOGRAPHIC NAME | |
| Geographic name | Libya |
| General subdivision | Politics and government |
| Chronological subdivision | 21st century. |
| 9 (RLIN) | 29815 |
| 653 ## - INDEX TERM--UNCONTROLLED | |
| Resource For college | |
| -- | |
| Arrived date list | May2012 |
| 942 ## - ADDED ENTRY ELEMENTS (KOHA) | |
| Source of classification or shelving scheme | Dewey Decimal Classification |
| Item type | Book - Borrowing |
| Withdrawn status | Item status | Source of classification or shelving scheme | Damaged status | Not for loan | Vendor | Home library | Current library | Shelving location | Date acquired | Source of acquisition | Total Checkouts | Total Renewals | Full call number | Barcode | Date last seen | Date last borrowed | Koha item type |
|---|---|---|---|---|---|---|---|---|---|---|---|---|---|---|---|---|---|
| Dewey Decimal Classification | Baccah | Central Library | Central Library | First floor | 02/05/2012 | 3 | 24 | 327.730174927 PET | 000026741 | 15/07/2025 | 01/12/2020 | Book - Borrowing |